000 00376 a2200157 4500
001 150637
040 _cEscola São Tomás de Aquino
100 _aSTRAUSZ, Rosa Amanda
240 1 0 _aO livro do pode-não-pode
_lpor
245 1 0 _aO livro do pode-não-pode
300 _a28
362 0 _a2005
440 1 _aFTD
697 _aValores, princípios / Filosofia
942 _cBK
999 _c150637
_d150637